000 00230nmm a2200085Ia 4500
008 220120s9999||||xx |||||||||||||||||und||
100 _aDigit
245 0 _aBrian Lara cricket 9 Free games Duke Nukem 3D, Internet, Mul
260 _c2005
999 _c138619
_d138619